| 000 | 00869cab a2200277 4500 | ||
|---|---|---|---|
| 001 | ABS48045 | ||
| 008 | 090401t1993 xxu||||| |||| 00| 0 eng d | ||
| 035 | _a(Sirsi) u64618 | ||
| 041 | _aeng | ||
| 100 | _aCoombes, M. | ||
| 245 | 4 | _aThe local dimension to Britain`s chaotic housing market | |
| 260 | _c1993 | ||
| 350 | _a0 | ||
| 490 |
_aBURISA _v(107) February 1993, 8-11(4) |
||
| 520 | _aAnalyses sub-regional variation in house prices, justifying the relevance of such research and explaining how national coverage has been achieved. | ||
| 650 | _aHALIFAX BUILDING SOCIETY | ||
| 650 | _aHOUSE PRICE DATA | ||
| 650 | _aHOUSE PRICES | ||
| 650 | _aNATIONWIDE ANGLIA | ||
| 650 | _aSTATISTICS | ||
| 650 | _aTRENDS | ||
| 690 | _aPROPERTY-RESIDENTIAL PROPERTY-RESIDENTIAL PROPERTY MARKET | ||
| 700 | _aDorling, D. | ||
| 942 | _n0 | ||
| 948 | _c04/03/1997 | ||
| 999 |
_c40253 _d40253 |
||